بہشتی زیور مکمل و مدلل (Record no. 329301)

000 -LEADER
fixed length control field nam a22 7a 4500
003 - CONTROL NUMBER IDENTIFIER
control field Nust
005 - DATE AND TIME OF LATEST TRANSACTION
control field 20170502165306.0
008 - FIXED-LENGTH DATA ELEMENTS--GENERAL INFORMATION
fixed length control field 170502b xxu||||| |||| 00| 0 eng d
040 ## - CATALOGING SOURCE
Transcribing agency DLC
082 ## - DEWEY DECIMAL CLASSIFICATION NUMBER
Classification number 297 ASH
100 ## - MAIN ENTRY--PERSONAL NAME
Personal name 297 ASH
245 ## - TITLE STATEMENT
Title بہشتی زیور مکمل و مدلل
260 ## - PUBLICATION, DISTRIBUTION, ETC.
Place of publication, distribution, etc. Lahore :
Name of publisher, distributor, etc. Ilam o Irfan Publisher,
300 ## - PHYSICAL DESCRIPTION
Extent 862p. :
942 ## - ADDED ENTRY ELEMENTS (KOHA)
Source of classification or shelving scheme
Koha item type Book
Holdings
Withdrawn status Lost status Source of classification or shelving scheme Damaged status Not for loan Permanent Location Current Location Date acquired Total Checkouts Full call number Barcode Date last seen Date last checked out Price effective from Koha item type
          School of Civil and Environmental Engineering (SCEE) School of Civil and Environmental Engineering (SCEE) 05/02/2017 1 297 ASH NIT-7476 08/03/2021 10/01/2019 05/02/2017 Book
© 2023 Central Library, National University of Sciences and Technology. All Rights Reserved.